| 000 | 00531nam a2200169Ia 4500 | ||
|---|---|---|---|
| 003 | GCL | ||
| 008 | 140319s9999 xx 000 0 ara d | ||
| 040 |
_aGCL / _cGCL |
||
| 082 | 0 | 4 |
_a813.01 _bط ا |
| 100 | 1 | _aطه حواس | |
| 245 | 1 | 0 |
_aواخضرت الارض وقصص اخرى ( هدية من الاديب عبدالفتاح الجمل) / _cطه حواس |
| 300 | _a227 ص | ||
| 490 |
_aقصص مختارة _v0 |
||
| 650 | 0 | 4 | _aالادب العربى |
| 650 | 0 | 4 | _aالقصص العربية القصيرة |
| 942 |
_2ddc _cBK |
||
| 999 |
_c47359 _d47359 |
||